Conflictos en los centros educativos: cultura organizativa y mediación para la convivencia
Saved in:
| Hovedforfatter: | |
|---|---|
| Format: | Bog |
| Sprog: | spansk |
| Udgivet: |
Barcelona
Graó
2004
|
| Udgivelse: | 1a. ed |
| Serier: | Acción Directiva, 203
|
| Fag: | |
| Tags: |
Tilføj Tag
Ingen Tags, Vær først til at tagge denne postø!
|
MARC
| LEADER | 00000nam a2200000 a 4500 | ||
|---|---|---|---|
| 001 | UCK2878 | ||
| 003 | CL-VaPUC | ||
| 008 | 050324e20040000SP |||||||||||||||||spa|d | ||
| 020 | |a 8478273476 | ||
| 082 | 0 | 4 | |a 306.432 |b VIÑ |2 21 |
| 100 | 0 | |a Viñas Cirera, Jesús |e author |9 490857 | |
| 245 | 1 | 0 | |a Conflictos en los centros educativos: cultura organizativa y mediación para la convivencia |
| 250 | |a 1a. ed | ||
| 300 | |a 149 p | ||
| 942 | |c BK | ||
| 945 | |d 20050324 00:00:00 |a cmena | ||
| 260 | |a Barcelona |b Graó |c 2004 | ||
| 650 | 0 | |a Solución de conflictos |9 266729 | |
| 650 | 0 | |a Psicología educacional |9 307830 | |
| 650 | 0 | |a Escuelas |9 308582 | |
| 650 | 0 | |a Mediación |9 338396 | |
| 583 | |a last modification |c 20050324 00:00:00 |k Rodrigo Vera | ||
| 490 | 0 | |a Acción Directiva, 203 | |
| 999 | |c 312274 |d 312272 | ||
| 952 | |0 0 |1 0 |4 0 |6 306_432000000000000_VIÑ_2004 |7 0 |8 A |9 382330 |a BIBGIM |b BIBGIM |d 2019-11-21 |i 4103157 |o 306.432 VIÑ 2004 |p 4103157 |r 2025-01-15 |w 2019-11-21 |y BK |k SSL | ||
| 952 | |0 0 |1 0 |4 0 |6 306_432000000000000_VIÑ_2004 |7 0 |8 A |9 382331 |a BIBEDU |b BIBEDU |d 2019-11-21 |i 4113551 |o 306.432 VIÑ 2004 |p 4113551 |r 2019-11-21 |w 2019-11-21 |y BK |k EDU | ||
| 952 | |0 0 |1 0 |4 0 |6 306_432000000000000_VIÑ_2004 |7 0 |8 A |9 382332 |a BIBEDU |b BIBEDU |d 2019-11-21 |i 4159632 |o 306.432 VIÑ 2004 |p 4159632 |r 2019-11-21 |w 2019-11-21 |y BK |k EDU | ||
| 952 | |0 0 |1 0 |4 0 |6 306_432000000000000_VIÑ_2004 |7 0 |8 A |9 382333 |a BIBEDU |b BIBEDU |d 2019-11-21 |i 4630629 |o 306.432 VIÑ 2004 |p 4630629 |r 2019-11-21 |w 2019-11-21 |y BK |k PSI | ||